Three Largest Cities by Country: South America - Statistics

General Stats
  • This quiz has been taken 165 times
    159 since last reset
  • The average score is 20 of 36
Answer Stats
Hint Answer % Correct
Argentina-1 Buenos Aires
99%
Bolivia-3 La Paz
99%
Brazil-2 Rio de Janeiro
98%
Brazil-1 São Paulo
97%
Peru-1 Lima
95%
Colombia-1 Bogotá
94%
Chile-1 Santiago
94%
Colombia-2 Santiago de Cali
94%
Ecuador-2 Quito
93%
Venezuela-1 Caracas
92%
Uruguay-1 Montevideo
92%
Paraguay-1 Asunción
88%
Guyana-1 Georgetown
86%
Suriname-1 Paramaribo
82%
Colombia-3 Medellín
81%
Argentina-2 Córdoba
76%
Brazil-3 Salvador
75%
Ecuador-1 Guayaquil
71%
Argentina-3 Rosario
67%
Bolivia-1 Santa Cruz de la Sierra
67%
Venezuela-2 Maracaibo
56%
Peru-2 Arequipa
40%
Paraguay-2 Ciudad del Este
29%
Peru-3 Trujillo
25%
Bolivia-2 El Alto
24%
Chile-3 Antofagasta
23%
Uruguay-2 Salto
19%
Ecuador-3 Cuenca
18%
Venezuela-3 Maracay
11%
Uruguay-3 Paysandú
10%
Guyana-3 New Amsterdam
9%
Suriname-2 Lelydorp
6%
Guyana-2 Linden
6%
Paraguay-3 San Lorenzo
6%
Chile-2 Puente Alto
5%
Suriname-3 Brokopondo
1%
No matching quizzes found
Score Distribution
Percent of People with Each Score
Percentile by Number Answered
Your Score History
You have not taken this quiz since the last reset